Mutiara kata sasterawan negara
| Format: | Book |
|---|---|
| Published: |
Kuala Lumpur :
Dewan Bahasa dan Pustaka ,
2015
|
| Subjects: |
MARC
| LEADER | 00000cam a2200000 7i4500 | ||
|---|---|---|---|
| 001 | 0000085135 | ||
| 005 | 20200217.0 | ||
| 008 | 200217 | ||
| 020 | |a 9789836283375 | ||
| 041 | 0 | |a Malay | |
| 090 | 0 | 0 | |a 899.2309 |b MUT |
| 245 | 0 | 0 | |a Mutiara kata sasterawan negara |c penyelenggara Halilah Haji Khalid |
| 260 | |a Kuala Lumpur : |b Dewan Bahasa dan Pustaka , |c 2015 | ||
| 300 | |a 153 p. ; |c 19.2 cm. | ||
| 541 | 0 | 0 | |c Donation books |
| 650 | 0 | |a Malay literature |x History and criticism | |
| 999 | |a 0001611851 |b Book |c Adult Collection |e Perbadanan Perpustakaan Awam Johor | ||